00448 2200169 4500001002100000008004100021035002000062245003900082100002200121260003400143300002000177020002200197084001600219082000800235650001400243990002100257INLIS000000000002652 ind  a0010-0425000008 aEnsiklopedi UmumcA.G Pringgodigdo aPringgodigdo, A.G aYogyakarta :bKonisius,c1973 a304 hlmc20 cm. a978-602-03-2926-0 aR 030 Pri e a030 aReferensi a22/R/SMPN7SBY/16